[Event "Festival Carnevale d'Europa"]
[Site "Cento ITA"]
[Date "2011.02.06"]
[Round "2"]
[White "Molina, Fabrizio"]
[Black "Collutiis, Duilio"]
[WhiteElo "2236"]
[BlackElo "2463"]
[Result "0-1"]
[PlyCount "66"]
[EventDate "2011.02.05"]

1. e4 c5 2. f4 Nc6 3. Nf3 e6 4. Bb5 Nge7 5. O-O a6 6. Bxc6 Nxc6 7. d3 Be7 8. b3
Bf6 9. e5 Be7 10. Bb2 O-O 11. Nbd2 f5 12. a4 Qc7 13. Nc4 b6 14. Qe1 Nb4 15. Qd2
Bb7 16. Ne3 h6 17. c3 Nd5 18. Nxd5 Bxd5 19. c4 Bb7 20. h3 Rf7 21. Kh2 Kh7 22.
Qe2 g6 23. d4 cxd4 24. Bxd4 Rg8 25. Qe3 Bd8 26. h4 Rfg7 27. Rf2 g5 28. hxg5
hxg5 29. Rh1 gxf4 30. Qxf4 Kg6 31. g4 Kf7 32. Qh6 Rxg4 33. Qh5+ Kg7 0-1

[Event "Festival Carnevale d'Europa"]
[Site "Cento ITA"]
[Date "2011.02.06"]
[Round "2"]
[White "Pasqualetto, Lorenzo"]
[Black "Campini, Marco"]
[WhiteElo "1691"]
[BlackElo "2086"]
[Result "0-1"]
[PlyCount "76"]
[EventDate "2011.02.05"]

1. d4 d5 2. c4 e6 3. Nc3 Be7 4. Qc2 Nf6 5. cxd5 exd5 6. Bg5 Be6 7. e3 Nbd7 8.
Bd3 h6 9. Bh4 a6 10. Nge2 g5 11. Bg3 Rc8 12. f3 c5 13. O-O b5 14. dxc5 Bxc5 15.
Qd2 Qb6 16. Bf2 Ne5 17. a3 Nc4 18. Bxc4 dxc4 19. Ng3 O-O 20. e4 Rfd8 21. Bxc5
Qxc5+ 22. Qf2 a5 23. Qxc5 Rxc5 24. Rfd1 Rxd1+ 25. Rxd1 b4 26. axb4 axb4 27.
Nce2 Kf8 28. Kf2 Ra5 29. Ke3 Ra2 30. Rd2 Nd7 31. Nd4 Nc5 32. Nxe6+ Nxe6 33. Nf5
b3 34. Nd6 c3 35. Rd3 c2 36. Rc3 Rxb2 37. Nc4 Rb1 38. Kd2 Rd1+ 0-1

[Event "Festival Carnevale d'Europa"]
[Site "Cento ITA"]
[Date "2011.02.06"]
[Round "2"]
[White "Pierangeli, Andrea"]
[Black "Pelyushenko, Vladyslav"]
[WhiteElo "1964"]
[BlackElo "1784"]
[Result "1-0"]
[PlyCount "89"]
[EventDate "2011.02.05"]

1. e4 d6 2. d4 Nf6 3. Bd3 g6 4. Ne2 Bg7 5. O-O O-O 6. Nd2 Nc6 7. c3 e5 8. d5
Ne7 9. f4 Ng4 10. Nf3 exf4 11. Bxf4 c6 12. Qb3 cxd5 13. exd5 Ne5 14. Rad1 Nxd3
15. Rxd3 Bf5 16. Rd2 Qd7 17. Ng3 b5 18. Nd4 a6 19. Ngxf5 gxf5 20. Nf3 Ng6 21.
Be3 f4 22. Bd4 Ne5 23. Qd1 Nc4 24. Re2 f6 25. Qc2 Qg4 26. h3 Qh5 27. b3 Ne3 28.
Bxe3 fxe3 29. Rxe3 Qxd5 30. Nd4 Rac8 31. Qd3 f5 32. Nxf5 Qxd3 33. Rxd3 Rxc3 34.
Ne7+ Kh8 35. Rxf8+ Bxf8 36. Rxc3 Bxe7 37. Rc7 Bf6 38. Rd7 Be5 39. Kf2 h6 40.
Kf3 a5 41. Ke4 a4 42. Kf5 Kg8 43. Kg6 Kf8 44. Kxh6 Ke8 45. Rb7 1-0

[Event "Festival Carnevale d'Europa"]
[Site "Cento ITA"]
[Date "2011.02.06"]
[Round "2"]
[White "Salvador, Roland"]
[Black "Umudova, Nargiz"]
[WhiteElo "2533"]
[BlackElo "2246"]
[Result "1-0"]
[PlyCount "97"]
[EventDate "2011.02.05"]

1. d4 Nf6 2. Nf3 g6 3. c4 Bg7 4. Nc3 O-O 5. e4 d6 6. h3 e5 7. d5 Nbd7 8. Bg5 h6
9. Be3 Nc5 10. Nd2 a5 11. Be2 Ne8 12. g4 Qh4 13. g5 hxg5 14. Nf3 Qh8 15. Nxg5
Bh6 16. Qd2 f6 17. Nf3 Bxe3 18. fxe3 Ng7 19. O-O-O Bd7 20. Rdg1 Kf7 21. Rg2 Be8
22. Rhg1 Ke7 23. h4 Qh6 24. Rg4 Nh5 25. Ne1 Bf7 26. Nd3 Nxd3+ 27. Bxd3 Rg8 28.
Nb5 Kd7 29. Qf2 Qf8 30. R4g2 c6 31. Nc3 Qd8 32. Rf1 Qb6 33. Be2 Raf8 34. Kb1
Qb4 35. Rd1 Kc7 36. a3 Qb3 37. c5 dxc5 38. d6+ Kb8 39. Bxh5 gxh5 40. Rxg8 Bxg8
41. d7 Qb6 42. Qxf6 Rd8 43. Na4 Qc7 44. Nxc5 Ka7 45. Rd6 a4 46. Qxe5 Rf8 47.
Qd4 Qb6 48. d8=Q Rf1+ 49. Qd1 1-0

[Event "Festival Carnevale d'Europa"]
[Site "Cento ITA"]
[Date "2011.02.06"]
[Round "2"]
[White "Scalcione, Michelangelo"]
[Black "Colonnello, Piero"]
[WhiteElo "2344"]
[BlackElo "1934"]
[Result "1-0"]
[PlyCount "39"]
[EventDate "2011.02.05"]

1. d4 Nf6 2. Nf3 d5 3. c4 e6 4. Nc3 Be7 5. Bg5 O-O 6. e3 c6 7. Qc2 Nbd7 8.
O-O-O dxc4 9. Bxc4 b5 10. Bd3 Bb7 11. Ne5 h6 12. Bxf6 Nxf6 13. Ne4 Qd5 14. Nc3
Qd6 15. Kb1 Rfd8 16. Ne4 Qc7 17. Rc1 Rac8 18. Nc5 Ba8 19. f4 Nd5 20. Bh7+ 1-0

[Event "Festival Carnevale d'Europa"]
[Site "Cento ITA"]
[Date "2011.02.06"]
[Round "2"]
[White "Simonian, Hrair"]
[Black "Calavalle, Giulio"]
[WhiteElo "2475"]
[BlackElo "2237"]
[Result "1-0"]
[PlyCount "97"]
[EventDate "2011.02.05"]

1. e4 c5 2. Nc3 d6 3. Nge2 Nc6 4. g3 Bg4 5. Bg2 Ne5 6. f4 Bf3 7. O-O Bxg2 8.
Kxg2 Nc6 9. d3 e6 10. f5 Nf6 11. fxe6 fxe6 12. d4 cxd4 13. Nxd4 Qd7 14. Nxc6
bxc6 15. e5 dxe5 16. Qe2 Bb4 17. Qxe5 O-O 18. Bf4 Bxc3 19. Qxc3 Nd5 20. Qd3
Nxf4+ 21. Rxf4 Qxd3 22. Rxf8+ Kxf8 23. cxd3 Rb8 24. b3 Rd8 25. Rd1 Ke7 26. Kf3
Kd6 27. Rc1 Rf8+ 28. Ke3 Rf5 29. Rc4 Ra5 30. a4 Rh5 31. Rd4+ Rd5 32. Rb4 Ke7
33. Rb7+ Rd7 34. Rxd7+ Kxd7 35. Kd4 Kd6 36. b4 e5+ 37. Ke4 a6 38. d4 exd4 39.
Kxd4 h6 40. g4 g6 41. h4 g5 42. h5 Kd7 43. Kc5 Kc7 44. a5 Kd7 45. Kb6 Kd6 46.
Kxa6 c5 47. bxc5+ Kc6 48. Ka7 Kc7 49. a6 1-0

[Event "Festival Carnevale d'Europa"]
[Site "Cento ITA"]
[Date "2011.02.06"]
[Round "2"]
[White "Sorbera, Giovanni"]
[Black "Binder, Andrea"]
[WhiteElo "2135"]
[BlackElo "1915"]
[Result "1-0"]
[PlyCount "87"]
[EventDate "2011.02.05"]

1. e4 d6 2. d4 Nf6 3. Nc3 g6 4. f3 c6 5. Be3 b5 6. a4 b4 7. Na2 a5 8. c3 bxc3
9. bxc3 Qc7 10. Bd3 Bg7 11. Ne2 O-O 12. Qd2 e5 13. O-O Nbd7 14. Rab1 d5 15.
exd5 Nxd5 16. Bf2 Re8 17. c4 Ne7 18. d5 f5 19. Bc2 Qd6 20. Nac3 Ba6 21. Rfd1
cxd5 22. cxd5 Rec8 23. Nb5 Bxb5 24. Rxb5 Rc4 25. Bb3 Rb4 26. Rxb4 axb4 27. Rc1
Bf8 28. Rc6 Nxc6 29. dxc6+ Kg7 30. Qxd6 Bxd6 31. cxd7 Kf6 32. Bd5 Rd8 33. Bc6
Bc7 34. Nc1 e4 35. Nb3 Ke6 36. Bc5 e3 37. Kf1 Rb8 38. a5 Bd6 39. a6 Bxc5 40.
Nxc5+ Kd6 41. a7 Rg8 42. a8=Q Rxa8 43. Bxa8 Kc7 44. Bc6 1-0

[Event "Festival Carnevale d'Europa"]
[Site "Cento ITA"]
[Date "2011.02.06"]
[Round "2"]
[White "Valguarnera, Girolamo"]
[Black "Necesito, Donald"]
[WhiteElo "2164"]
[BlackElo "1437"]
[Result "1-0"]
[PlyCount "69"]
[EventDate "2011.02.05"]

1. e4 e6 2. d4 d5 3. Nc3 Bb4 4. Nge2 dxe4 5. a3 Be7 6. Nxe4 b6 7. N2c3 Bb7 8.
Qf3 c6 9. Qg3 g6 10. Qe5 Nf6 11. Bg5 Nbd7 12. Nd6+ Bxd6 13. Qxd6 h6 14. Bh4 g5
15. Bg3 Nf8 16. Qxd8+ Rxd8 17. Be5 Ke7 18. Ne4 Nxe4 19. Bxh8 f6 20. Bd3 Nd6 21.
Bg7 Nd7 22. h4 Rg8 23. Bxh6 c5 24. hxg5 Bxg2 25. Rg1 Bf3 26. gxf6+ Nxf6 27.
Rxg8 Nxg8 28. Bg5+ Kd7 29. dxc5 bxc5 30. Be2 Bd5 31. O-O-O Kc6 32. f3 Nf7 33.
c4 Bxc4 34. Bxc4 Nxg5 35. Rg1 1-0

[Event "Festival Carnevale d'Europa"]
[Site "Cento ITA"]
[Date "2011.02.06"]
[Round "2"]
[White "Vezzani, Stefano"]
[Black "Roversi, Stefano"]
[WhiteElo "2168"]
[BlackElo "1885"]
[Result "1-0"]
[PlyCount "61"]
[EventDate "2011.02.05"]

1. d4 Nf6 2. Nc3 d5 3. Bg5 e6 4. Nf3 Be7 5. e3 Nbd7 6. Bd3 c5 7. O-O O-O 8. Ne5
c4 9. Be2 Nxe5 10. dxe5 Nd7 11. Bxe7 Qxe7 12. f4 f6 13. exf6 Nxf6 14. Bf3 Rb8
15. Qd4 b5 16. Ne2 a5 17. Rad1 b4 18. Ng3 b3 19. cxb3 cxb3 20. a3 Ba6 21. Rfe1
Rfc8 22. e4 Rc4 23. Qe5 Qa7+ 24. Kh1 Rc2 25. Qxe6+ Kh8 26. exd5 Bc8 27. Qe8+
Ng8 28. Qe5 Bd7 29. Nh5 Bb5 30. Nxg7 Qxg7 31. Qxb8 1-0

[Event "Festival Carnevale d'Europa"]
[Site "Cento ITA"]
[Date "2011.02.06"]
[Round "2"]
[White "Vezzelli, Francesco"]
[Black "Casadei, Mauro"]
[WhiteElo "1905"]
[BlackElo "2166"]
[Result "0-1"]
[PlyCount "58"]
[EventDate "2011.02.05"]

1. e4 e5 2. Nf3 Nc6 3. Bc4 Bc5 4. c3 Nf6 5. d3 a6 6. a4 d6 7. O-O Be6 8. Bb3
O-O 9. Bg5 Qe7 10. Nbd2 Bxb3 11. Qxb3 Rab8 12. Rfe1 h6 13. Bh4 g5 14. Bg3 Nh5
15. Nf1 Qf6 16. Ne3 Bxe3 17. Rxe3 Nf4 18. Rd1 Ne6 19. Qc2 Rfd8 20. Ree1 Ne7 21.
d4 Ng6 22. dxe5 dxe5 23. Rd5 Nef4 24. Rxd8+ Rxd8 25. Nd2 Nh4 26. Bxh4 gxh4 27.
f3 Nxg2 28. Kf2 Nxe1 29. Kxe1 Qf4 0-1

[Event "Festival Carnevale d'Europa"]
[Site "Cento ITA"]
[Date "2011.02.06"]
[Round "2"]
[White "Yurenok, Maria S."]
[Black "Burani, Eugenio"]
[WhiteElo "2092"]
[BlackElo "1874"]
[Result "1-0"]
[PlyCount "123"]
[EventDate "2011.02.05"]

1. d4 Nf6 2. c4 c5 3. d5 e6 4. Nc3 exd5 5. cxd5 d6 6. e4 g6 7. Nge2 Bg7 8. Ng3
Na6 9. Be2 Nc7 10. O-O a6 11. a4 O-O 12. Bg5 h6 13. Be3 Qe7 14. Qd2 Kh7 15. h3
Bd7 16. f4 b5 17. e5 Nfe8 18. axb5 axb5 19. Rxa8 Nxa8 20. Bxb5 Bxb5 21. Nxb5
dxe5 22. f5 Nf6 23. d6 Qb7 24. Nc3 Qc6 25. Qf2 Rc8 26. Rd1 Nb6 27. Qf3 Qxf3 28.
gxf3 Nc4 29. fxg6+ fxg6 30. Bc1 Rd8 31. Nge4 Nxe4 32. Nxe4 Bf8 33. d7 Nb6 34.
Be3 Kg7 35. Nxc5 Bxc5 36. Bxc5 Rxd7 37. Rxd7+ Nxd7 38. Be3 h5 39. Kf2 Kf6 40.
b4 g5 41. b5 Kf5 42. Kg3 Nb8 43. b6 Nc6 44. b7 Nb8 45. Ba7 Nc6 46. b8=Q Nxb8
47. Bxb8 e4 48. fxe4+ Kxe4 49. Bc7 Kf5 50. Bd8 g4 51. h4 Ke5 52. Kf2 Kf4 53.
Bg5+ Ke4 54. Ke2 Kd4 55. Bf4 Ke4 56. Be3 Kf5 57. Bh6 Ke4 58. Kf2 Kd3 59. Kg3
Ke4 60. Bc1 Kd3 61. Kf4 Ke2 62. Ba3 1-0

[Event "Festival Carnevale d'Europa"]
[Site "Cento ITA"]
[Date "2011.02.07"]
[Round "3"]
[White "Arnetta, Maria Teresa"]
[Black "Guidi, Marco"]
[WhiteElo "2071"]
[BlackElo "1867"]
[Result "1-0"]
[PlyCount "23"]
[EventDate "2011.02.05"]

1. e4 Nf6 2. e5 Nd5 3. Nc3 Nxc3 4. bxc3 d6 5. f4 dxe5 6. fxe5 Qd5 7. d4 Bf5 8.
Be2 Qe4 9. Rb1 Qh4+ 10. Kf1 Bc8 11. Bf3 c6 12. g3 1-0

[Event "Festival Carnevale d'Europa"]
[Site "Cento ITA"]
[Date "2011.02.07"]
[Round "3"]
[White "Astengo, Corrado"]
[Black "Nonni, Alessio"]
[WhiteElo "2146"]
[BlackElo "1924"]
[Result "1-0"]
[PlyCount "135"]
[EventDate "2011.02.05"]

1. e4 g6 2. d4 d6 3. Nc3 Bg7 4. Nge2 a6 5. a4 b6 6. g3 Bb7 7. Bg2 Nd7 8. O-O e6
9. Be3 Ne7 10. Qd2 h6 11. Rad1 Rb8 12. f4 Nf6 13. h3 O-O 14. g4 d5 15. e5 Ne8
16. Ng3 f5 17. exf6 Rxf6 18. Nce2 Nd6 19. b3 Qf8 20. f5 exf5 21. g5 hxg5 22.
Bxg5 Rf7 23. Nf4 Kh7 24. Ne6 Qc8 25. Nxg7 Kxg7 26. Qf4 Ng8 27. Qe5+ Nf6 28.
Bxd5 Bxd5 29. Bxf6+ Rxf6 30. Qxd5 Qe6 31. Qg2 Kh7 32. Rde1 Qf7 33. Re5 Rf8 34.
Rfe1 Ne4 35. Nxe4 fxe4 36. R5xe4 Rf2 37. Re7 Rxg2+ 38. Kxg2 Kg7 39. Rxf7+ Rxf7
40. c4 a5 41. Re6 Kh6 42. d5 Rd7 43. Rc6 Kg5 44. Kg3 Kf5 45. h4 Re7 46. Kf2 Rh7
47. Kg3 Re7 48. d6 cxd6 49. Rxb6 Re3+ 50. Kf2 Rc3 51. Ke2 Ke4 52. Kd2 Rh3 53.
Rxd6 Rxb3 54. Rxg6 Kd4 55. Rg4+ Kc5 56. Rg5+ Kxc4 57. Rxa5 Rh3 58. h5 Kb4 59.
Re5 Kxa4 60. Ke2 Kb4 61. Kf2 Kc4 62. Kg2 Kd4 63. Ra5 Rc3 64. h6 Ke4 65. h7 Rc8
66. Rh5 Rh8 67. Kg3 Ke3 68. Kg4 1-0

[Event "Festival Carnevale d'Europa"]
[Site "Cento ITA"]
[Date "2011.02.07"]
[Round "3"]
[White "Bentivegna, Francesco"]
[Black "Sorbera, Giovanni"]
[WhiteElo "2348"]
[BlackElo "2135"]
[Result "1/2-1/2"]
[PlyCount "104"]
[EventDate "2011.02.05"]

1. e4 c5 2. Nc3 Nc6 3. f4 e6 4. Nf3 Nge7 5. d4 cxd4 6. Nxd4 Nxd4 7. Qxd4 Nc6 8.
Qf2 Be7 9. Be3 b6 10. O-O-O Bb7 11. Kb1 Rc8 12. h4 O-O 13. h5 Na5 14. Bd3 Bc5
15. g4 e5 16. fxe5 Qe7 17. Nd5 Qxe5 18. Bxc5 Rxc5 19. h6 Bxd5 20. hxg7 Bxa2+
21. Kxa2 Rfc8 22. Kb1 Nc4 23. Bxc4 Rxc4 24. Rxd7 Qxg7 25. Rf1 Rf8 26. e5 Rb4
27. b3 Re4 28. Rxa7 Rxe5 29. Qxb6 Rg5 30. Ra4 Rc8 31. Qb7 Rf8 32. Qd7 Qc3 33.
Rc4 Qg7 34. Rc8 Ra5 35. Rxf8+ Qxf8 36. Re1 Ra8 37. Qf5 Qa3 38. Qg5+ Kf8 39.
Qh6+ Kg8 40. Qg5+ Kf8 41. Qe5 Kg8 42. Re4 Qa2+ 43. Kc1 Rc8 44. Qb2 Qa8 45. Qe5
Qa2 46. Re2 Qa3+ 47. Kb1 Ra8 48. Qg5+ Kh8 49. Qf6+ Kg8 50. Rf2 Qa7 51. Qg5+ Kf8
52. Qh6+ Kg8 1/2-1/2

[Event "Festival Carnevale d'Europa"]
[Site "Cento ITA"]
[Date "2011.02.07"]
[Round "3"]
[White "Binder, Andrea"]
[Black "Castelli, Antonio"]
[WhiteElo "1915"]
[BlackElo "1684"]
[Result "1-0"]
[PlyCount "163"]
[EventDate "2011.02.05"]

1. Nf3 a6 2. g3 b5 3. Bg2 Bb7 4. O-O d6 5. d3 e5 6. e4 Be7 7. Qe2 Nf6 8. Nbd2
Nc6 9. c3 O-O 10. Nh4 Ne8 11. Nf5 Bc8 12. f4 g6 13. Nxe7+ Qxe7 14. f5 g5 15.
Nf3 f6 16. Be3 Rb8 17. b4 Bb7 18. a4 Nd8 19. axb5 axb5 20. Nd2 Qf7 21. Ra5 c6
22. Bf3 Ra8 23. Rfa1 Rxa5 24. Rxa5 Ng7 25. Ra7 Qc7 26. Qf2 Nf7 27. Bb6 Qd7 28.
Nb3 Ra8 29. Qa2 Rxa7 30. Qxa7 Bc8 31. Na5 Qxa7 32. Bxa7 Bd7 33. Bb8 Kf8 34. Nb7
Ke7 35. Bd1 Bc8 36. Na5 Kd7 37. Bb3 Nd8 38. Bg8 h6 39. Nb3 Nb7 40. Kf2 Ke7 41.
Nd2 Bd7 42. Ba2 Be8 43. Bb3 Bf7 44. c4 bxc4 45. dxc4 c5 46. b5 Kd7 47. Ke3 Kc8
48. Ba7 Nd8 49. Bb6 Ne8 50. Ba5 Nb7 51. Bc3 Kc7 52. Kd3 Kb6 53. Bd1 Na5 54. Be2
Ng7 55. Kc2 h5 56. h4 g4 57. Kb2 Ne8 58. Ka3 Nc7 59. Ka4 Nb7 60. Nb3 Be8 61.
Bd2 Bd7 62. Bh6 Ne8 63. Bf8 Kc7 64. Be7 Kb6 65. Bxg4 hxg4 66. h5 Bxf5 67. exf5
e4 68. h6 e3 69. Nc1 d5 70. cxd5 Nbd6 71. Bxd6 Nxd6 72. h7 Nf7 73. d6 Nh8 74.
Ne2 Nf7 75. Nc3 Kb7 76. Ka5 Nh8 77. b6 Nf7 78. Ne2 Nxd6 79. h8=Q Nc4+ 80. Kb5
Nd6+ 81. Kxc5 Ne4+ 82. Kd4 1-0

[Event "Festival Carnevale d'Europa"]
[Site "Cento ITA"]
[Date "2011.02.07"]
[Round "3"]
[White "Bruno, Fabio"]
[Black "Delchev, Aleksander"]
[WhiteElo "2436"]
[BlackElo "2629"]
[Result "1/2-1/2"]
[PlyCount "36"]
[EventDate "2011.02.05"]

1. Nf3 Nf6 2. d4 g6 3. c4 Bg7 4. Nc3 d5 5. Bg5 Ne4 6. Bf4 Nxc3 7. bxc3 c5 8. e3
O-O 9. cxd5 cxd4 10. exd4 Qxd5 11. Be2 Nc6 12. O-O Bf5 13. Qb3 Be4 14. Rac1
Rac8 15. Rfd1 Na5 16. Qb4 Nc6 17. Qb3 Na5 18. Qb4 Nc6 1/2-1/2

[Event "Festival Carnevale d'Europa"]
[Site "Cento ITA"]
[Date "2011.02.07"]
[Round "3"]
[White "Buriani, Andrea"]
[Black "Modder, Frank"]
[WhiteElo "2171"]
[BlackElo "1926"]
[Result "1-0"]
[PlyCount "70"]
[EventDate "2011.02.05"]

1. d4 d5 2. Nf3 Nf6 3. e3 e6 4. Bd3 Bd6 5. Nbd2 Nbd7 6. c4 c6 7. O-O O-O 8. e4
dxe4 9. Nxe4 Nxe4 10. Bxe4 Nf6 11. Bc2 h6 12. Qd3 Qc7 13. c5 Be7 14. Ne5 Rd8
15. b4 a5 16. Bf4 axb4 17. Ng6 Qd7 18. Nxe7+ Qxe7 19. Rfb1 b6 20. cxb6 c5 21.
Qb5 Rxd4 22. Bc7 Bb7 23. Rd1 Nd5 24. Rxd4 cxd4 25. Qd3 Qg5 26. Qh7+ Kf8 27.
Bd6+ Ke8 28. Qg8+ Kd7 29. Qxf7+ Kxd6 30. Qxb7 Rxa2 31. Qb8+ Ke7 32. Rf1 Rxc2
33. b7 Ne3 34. Qg3 Qb5 35. fxe3 Ke8 1-0

[Event "Festival Carnevale d'Europa"]
[Site "Cento ITA"]
[Date "2011.02.07"]
[Round "3"]
[White "Casadei, Mauro"]
[Black "Brunello, Sabino"]
[WhiteElo "2166"]
[BlackElo "2540"]
[Result "0-1"]
[PlyCount "26"]
[EventDate "2011.02.05"]

1. c4 e5 2. g3 Nc6 3. Nc3 Nf6 4. Bg2 Bc5 5. Nf3 d6 6. O-O a6 7. d3 h6 8. Nd5
O-O 9. b3 Ba7 10. Bb2 Nxd5 11. cxd5 Ne7 12. Qc2 Nxd5 13. Nxe5 dxe5 0-1

[Event "Festival Carnevale d'Europa"]
[Site "Cento ITA"]
[Date "2011.02.07"]
[Round "3"]
[White "Cavatorta, Fosco"]
[Black "Pasqualetto, Lorenzo"]
[WhiteElo "1917"]
[BlackElo "1691"]
[Result "1-0"]
[PlyCount "115"]
[EventDate "2011.02.05"]

1. d4 Nf6 2. Nf3 e6 3. e3 d5 4. Bd3 c5 5. c3 Nc6 6. Nbd2 Bd6 7. O-O O-O 8. dxc5
Bxc5 9. e4 dxe4 10. Nxe4 Nxe4 11. Bxe4 f5 12. Bxc6 bxc6 13. Qxd8 Rxd8 14. Bg5
Re8 15. Rfe1 h6 16. Be3 Bd6 17. Rad1 Bc7 18. Bd4 Bd6 19. Be3 Bc7 20. Bd4 Rb8
21. b3 Rb7 22. Be5 Bb6 23. Bd6 Bd7 24. Ne5 g5 25. Rd3 c5 26. Bxc5 Bb5 27. c4
Bxc5 28. cxb5 Rxb5 29. Nd7 Kf7 30. g3 Bb4 31. Re5 Rxe5 32. Nxe5+ Kf6 33. Nc6 a5
34. a4 Rc8 35. Nxb4 axb4 36. Rd4 Rb8 37. Rc4 Rb6 38. f3 e5 39. Kf2 Ke6 40. Ke3
Kd5 41. g4 f4+ 42. Kd3 Rb7 43. Rc8 Rb6 44. Rd8+ Ke6 45. Ke4 Rc6 46. Re8+ Kd6
47. Rxe5 Rc3 48. Rd5+ Ke6 49. Rd3 Rc2 50. h3 Rh2 51. Kd4 Rc2 52. a5 Ra2 53. Kc4
Rxa5 54. Kxb4 Re5 55. Kc4 Re1 56. b4 Re3 57. Rxe3+ fxe3 58. Kd3 1-0

[Event "Festival Carnevale d'Europa"]
[Site "Cento ITA"]
[Date "2011.02.07"]
[Round "3"]
[White "Colonnello, Piero"]
[Black "Necesito, Donald"]
[WhiteElo "1934"]
[BlackElo "1437"]
[Result "1/2-1/2"]
[PlyCount "92"]
[EventDate "2011.02.05"]

1. e4 e5 2. Nf3 Nc6 3. Bb5 a6 4. Ba4 Nf6 5. O-O b5 6. Bb3 Bb7 7. Re1 d6 8. c3
Be7 9. d4 O-O 10. Nbd2 Re8 11. Nf1 Nd7 12. Ne3 Nb6 13. Nd5 Nd7 14. Nxe7+ Qxe7
15. Bg5 Qf8 16. Bd5 Nb6 17. b4 Nxd5 18. exd5 Nb8 19. dxe5 dxe5 20. Qd3 f6 21.
Bh4 Nd7 22. a4 bxa4 23. Qc4 Qd6 24. Red1 Nb6 25. Qa2 Rad8 26. c4 Qxb4 27. Rac1
Qb3 28. Qe2 Qa3 29. Nd2 Qe7 30. f3 Nd7 31. Bf2 f5 32. Rb1 Ba8 33. Qe3 e4 34.
fxe4 fxe4 35. Ra1 Nf6 36. h3 c6 37. Rxa4 cxd5 38. cxd5 Rxd5 39. Re1 Rd3 40.
Qxd3 exd3 41. Rxe7 Rxe7 42. Rxa6 Bd5 43. Ra3 g5 44. Rxd3 Bb7 45. Rd8+ Kf7 46.
Nc4 Ne4 1/2-1/2

[Event "Festival Carnevale d'Europa"]
[Site "Cento ITA"]
[Date "2011.02.07"]
[Round "3"]
[White "De Florio, Federico"]
[Black "Ansell, Simon T."]
[WhiteElo "2196"]
[BlackElo "2423"]
[Result "0-1"]
[PlyCount "96"]
[EventDate "2011.02.05"]

1. d4 d6 2. Bg5 h6 3. Bh4 g5 4. Bg3 Bg7 5. e3 c5 6. c3 Qb6 7. Qc2 cxd4 8. exd4
Nf6 9. Nd2 Be6 10. Be2 Nc6 11. Nc4 Bxc4 12. Bxc4 d5 13. Bb3 Rc8 14. Ne2 e6 15.
Qd3 Ne4 16. f3 Nxg3 17. hxg3 Ne7 18. f4 g4 19. Rh5 f5 20. Qe3 Kf7 21. Nc1 Kg6
22. Rh2 Ng8 23. Nd3 Nf6 24. Ne5+ Kh7 25. O-O-O Rc7 26. Bc2 Qd6 27. Rh4 b5 28.
Kb1 b4 29. cxb4 Rhc8 30. Bb3 Qxb4 31. Nd3 Qd6 32. Nc5 Rxc5 33. dxc5 Rxc5 34.
Rc1 Rxc1+ 35. Qxc1 Ne4 36. Bc2 Qb4 37. Bxe4 Qxe4+ 38. Qc2 Qe1+ 39. Qc1 Qxg3 40.
Rh1 Qxg2 41. Re1 g3 42. Rxe6 Qf2 43. Re7 g2 44. Rxg7+ Kxg7 45. Qc7+ Kg6 46.
Qc6+ Kh5 47. Qe8+ Kh4 48. Qe7+ Kh3 0-1

[Event "Festival Carnevale d'Europa"]
[Site "Cento ITA"]
[Date "2011.02.07"]
[Round "3"]
[White "De Santis, Alessio"]
[Black "Yurenok, Maria S."]
[WhiteElo "2289"]
[BlackElo "2092"]
[Result "1-0"]
[PlyCount "99"]
[EventDate "2011.02.05"]

1. b3 d5 2. Bb2 c5 3. e3 Nc6 4. Nf3 Nf6 5. Bb5 Bd7 6. O-O a6 7. Bxc6 Bxc6 8.
Ne5 Rc8 9. d3 g6 10. Ng4 Bg7 11. Nxf6+ Bxf6 12. Bxf6 exf6 13. d4 Qe7 14. a4 O-O
15. Nc3 Rfd8 16. Ne2 b6 17. Re1 Bb7 18. a5 bxa5 19. dxc5 Rxc5 20. Nd4 Qc7 21.
Qd2 Bc8 22. Ra3 Re8 23. Rea1 Bb7 24. Rxa5 Rxa5 25. Qxa5 Rc8 26. Qxc7 Rxc7 27.
Kf1 h5 28. Ke2 Kf8 29. Ra4 Ke7 30. Rb4 Kd7 31. Rb6 Ke7 32. h4 f5 33. Kd3 Ke8
34. g3 Ke7 35. c3 Ke8 36. b4 Ke7 37. Nb3 Bc6 38. Kd4 Bb5 39. Nc5 Bc4 40. f4 Ra7
41. Rb7+ Rxb7 42. Nxb7 Kd7 43. Kc5 f6 44. Kb6 Bb5 45. Nc5+ Kd6 46. Nxa6 Be8 47.
Nc7 Bd7 48. Nb5+ Ke7 49. Kc5 Kd8 50. Nd4 1-0

[Event "Festival Carnevale d'Europa"]
[Site "Cento ITA"]
[Date "2011.02.07"]
[Round "3"]
[White "Dvirnyy, Danyyil"]
[Black "Boscolo, Federico"]
[WhiteElo "2480"]
[BlackElo "2196"]
[Result "1/2-1/2"]
[PlyCount "165"]
[EventDate "2011.02.05"]

1. e4 c5 2. Nf3 d6 3. d4 cxd4 4. Nxd4 Nf6 5. Nc3 g6 6. Be3 Bg7 7. Be2 O-O 8.
Qd2 Nc6 9. O-O-O Ng4 10. Bxg4 Bxg4 11. f3 Bd7 12. h4 Ne5 13. b3 Rc8 14. Kb1 Re8
15. h5 Qa5 16. Nce2 Qxd2 17. Bxd2 Nc6 18. Be3 a6 19. g4 Nxd4 20. Bxd4 Bxd4 21.
Nxd4 g5 22. c4 f6 23. Kb2 Kf7 24. Rd2 Rc7 25. Rc1 Rec8 26. Rdc2 b6 27. a4 a5
28. Ne2 Ke6 29. Rd2 Bc6 30. Nd4+ Ke5 31. Ne2 Ke6 32. Rc3 Bd7 33. Kc2 Rc5 34.
Rdd3 R8c7 35. Kd2 Rc8 36. Re3 Kf7 37. Rcd3 Ke6 38. Nc3 Bc6 39. Nd5 Bxd5 40.
exd5+ Kf7 41. Rd4 R8c7 42. Kd3 Ra7 43. f4 gxf4 44. Rxf4 h6 45. Re1 Rc8 46. Ke3
Rg8 47. Kf3 Rc8 48. Rfe4 Re8 49. Kf4 Rg8 50. Kf3 Re8 51. Ke3 Rc8 52. Kd3 Rg8
53. Kc3 Rga8 54. R1e2 Kf8 55. Kb2 Kf7 56. Ka3 Rc8 57. Rb2 Rac7 58. Rbe2 Ra8 59.
Kb2 Rg8 60. Kc3 Ra8 61. Rb2 Rca7 62. Kd4 Ra6 63. Ke3 R6a7 64. Kf4 Ra6 65. Re6
Rc8 66. Rbe2 Ra7 67. R6e4 Rg8 68. Re1 Rc8 69. Ke3 Re8 70. Kd3 Rg8 71. Kc3 Rga8
72. Rb1 Kf8 73. Re6 Kf7 74. Rbe1 Kf8 75. Rf1 Kf7 76. Re4 Kg7 77. Rf5 Kf7 78.
Ref4 Rg8 79. Kd3 Kg7 80. Re4 Kf7 81. Ref4 Kg7 82. Re4 Kf7 83. Ref4 1/2-1/2

[Event "Festival Carnevale d'Europa"]
[Site "Cento ITA"]
[Date "2011.02.07"]
[Round "3"]
[White "Gaspari, Mauro"]
[Black "Molina, Fabrizio"]
[WhiteElo "1951"]
[BlackElo "2236"]
[Result "0-1"]
[PlyCount "75"]
[EventDate "2011.02.05"]

1. c4 e5 2. Nc3 Nc6 3. g3 g6 4. Bg2 Bg7 5. e3 d6 6. Nge2 f5 7. d4 Nf6 8. O-O
O-O 9. Rb1 a5 10. a3 Kh8 11. b4 axb4 12. axb4 g5 13. d5 Ne7 14. f3 Ng6 15. e4
f4 16. g4 h5 17. h3 Bd7 18. Bb2 hxg4 19. hxg4 Kg8 20. Ra1 Nh4 21. Qd3 Rb8 22.
Bh3 Kf7 23. Kf2 Rh8 24. Rh1 Rh6 25. Ng1 Qe7 26. Ra5 Rbh8 27. Ba3 Ng6 28. c5 Qd8
29. Nb5 Qb8 30. Na7 Ne7 31. Qc4 Ne8 32. c6 bxc6 33. dxc6+ Be6 34. Qa6 d5 35.
Qb7 Nd6 36. Qxb8 Rxb8 37. exd5 Nxd5 38. b5 0-1

[Event "Festival Carnevale d'Europa"]
[Site "Cento ITA"]
[Date "2011.02.07"]
[Round "3"]
[White "Gioga, Michele"]
[Black "Vesce, Emanuele"]
[WhiteElo "1682"]
[BlackElo "1875"]
[Result "1-0"]
[PlyCount "59"]
[EventDate "2011.02.05"]

1. d4 Nf6 2. Nf3 g6 3. Nc3 d5 4. Bf4 c5 5. dxc5 Qa5 6. Qd2 Nc6 7. O-O-O Be6 8.
Nd4 Nxd4 9. Qxd4 Rc8 10. e3 a6 11. Qa4+ Qxa4 12. Nxa4 Ne4 13. Bg3 Bg7 14. f3
Nxg3 15. hxg3 O-O 16. b4 Rfd8 17. Nb6 Rc7 18. e4 d4 19. a3 a5 20. Bd3 axb4 21.
axb4 Bd7 22. Nd5 Rcc8 23. Nxe7+ Kf8 24. Nxc8 Rxc8 25. Rxh7 Ra8 26. Kb2 Ra4 27.
Kb3 Ra7 28. Rhh1 Be6+ 29. Bc4 Bd7 30. Ra1 1-0

[Event "Festival Carnevale d'Europa"]
[Site "Cento ITA"]
[Date "2011.02.07"]
[Round "3"]
[White "Godena, Michele"]
[Black "Danielian, Elina"]
[WhiteElo "2541"]
[BlackElo "2454"]
[Result "0-1"]
[PlyCount "86"]
[EventDate "2011.02.05"]

1. e4 c6 2. d4 d5 3. Nd2 dxe4 4. Nxe4 Bf5 5. Ng3 Bg6 6. Nf3 Nd7 7. Bd3 Bxd3 8.
Qxd3 Ngf6 9. O-O e6 10. Re1 Be7 11. c4 O-O 12. Bf4 Re8 13. Rad1 a5 14. Ne2 Bb4
15. Rf1 a4 16. Qc2 a3 17. b3 h6 18. Nc1 Qa5 19. Nd3 Bf8 20. h3 Qf5 21. Rfe1 c5
22. dxc5 Bxc5 23. Qc1 Bb6 24. Nde5 Red8 25. Nxd7 Rxd7 26. Rxd7 Nxd7 27. b4 Nf6
28. Re5 Qd3 29. Rb5 Rc8 30. Rxb6 Rxc4 31. Qd2 Qb1+ 32. Kh2 Nd5 33. Rxb7 Rxf4
34. Rb8+ Kh7 35. b5 Qb2 36. Qd3+ f5 37. Ra8 Qxf2 38. Rxa3 Re4 39. Qd1 Nf4 40.
Qg1 Qb2 41. Rb3 Qxa2 42. Rb1 Re2 43. Nh4 Qa3 0-1